top 50 footballers all time - Statistics

General Stats
  • This quiz has been taken 178 times
  • The average score is 30 of 50
Answer Stats
# country Answer % Correct
1 argentina messi
100%
2 portugal ronaldo
100%
9 brazil ronaldo
100%
3 brazil pele
98%
4 argentina maradona
97%
5 netherlands cruyff
88%
8 france zidane
88%
20 brazil ronaldinho
86%
11 germany gerd muller
83%
18 italy maldini
80%
12 Hungary puskas
80%
10 northern ireland best
78%
7 germany beckenbauer
76%
50 brazil neymar
75%
17 portugal eusebio
74%
29 spain xavi
74%
6 spain/argentina di stefano
72%
35 france henry
72%
25 spain iniesta
72%
31 russia yashin
72%
14 france platini
71%
38 brazil rivaldo
71%
13 netherlands van basten
71%
39 croatia modric
70%
32 italy buffon
67%
28 netherlands gullit
65%
16 Brazil garrincha
64%
33 brazil kaka
64%
42 germany neuer
61%
46 portugal figo
59%
48 england rooney
59%
19 england charlton
58%
21 brazil romario
54%
15 brazil zico
51%
34 italy baggio
50%
30 brazil socrates
50%
23 netherlands baresi
43%
36 germany Matthaus
42%
47 scotland dalglish
41%
43 spain suarez
40%
45 england moore
39%
44 italy rossi
29%
49 italy zoff
27%
37 france kopa
22%
22 italy meazza
22%
27 brazil alberto
18%
24 brazil didi
18%
40 england matthews
14%
41 italy mazzola
10%
26 brazil jarzinho
6%
No matching quizzes found
Score Distribution
Percent of People with Each Score
Percentile by Number Answered
Your Score History
You have not taken this quiz